[Event "RUS-ch Seniors"]
[Site "Odintsovo"]
[Date "2011.04.24"]
[Round "6"]
[White "Kuznetsov, Boris"]
[Black "Kashirsky, Eugeny D"]
[Result "0-1"]
[WhiteElo "2049"]
[BlackElo "1913"]
[PlyCount "78"]
[EventDate "2011.04.19"]
[EventType "swiss"]
[EventRounds "9"]
[EventCountry "RUS"]
[SourceTitle "CBM 142 Extra"]
[Source "ChessBase"]
[SourceDate "2011.06.27"]
[SourceVersion "1"]
[SourceVersionDate "2011.06.27"]
[SourceQuality "1"]

1. e4 e6 2. d4 d5 3. Nd2 Nf6 4. e5 Nfd7 5. c3 c5 6. f4 Nc6 7. Ngf3 cxd4 8. cxd4 f6 9. exf6 Nxf6 10. Bd3 a5 11. a3 Qb6 12. Nf1 Bd7 13. Ng3 g6 14. Rb1 Bg7 15. Ne2 Rc8 16. Ne5 Nxe5 17. fxe5 Ng4 18. Nc3 Nxe5 19. dxe5 0-0 20. Qe2 Qd4 21. Be3 Qxe5 22. Bf2 Qd6 23. 0-0 e5 24. Rbd1 d4 25. Ne4 Qb6 26. Rc1 Rce8 27. Bg3 Bf5 28. Bf2 h5 29. Rc2 Kh8 30. Qd2 Qd8 31. Rfc1 Rf7 32. h3 Ref8 33. Rc5 b6 34. Rc6 Bxe4 35. Bxe4 Rxf2 36. Qxf2 Rxf2 37. Kxf2 Qh4+ 38. Kf1 Qxe4 39. Rc8+ Kh7 0-1

[Event "Moscow op-E"]
[Site "Moscow"]
[Date "2011.02.03"]
[Round "6.252"]
[White "Kroll, Dmitry V"]
[Black "Kashirsky, Eugeny D"]
[Result "0-1"]
[WhiteElo "1446"]
[BlackElo "1941"]
[PlyCount "64"]
[EventDate "2011.01.29"]
[EventType "swiss"]
[EventRounds "9"]
[EventCountry "RUS"]
[SourceTitle "EXT 2022"]
[Source "ChessBase"]
[SourceDate "2021.10.06"]
[SourceVersion "1"]
[SourceVersionDate "2021.10.06"]
[SourceQuality "1"]

1. e4 e6 2. d4 d5 3. exd5 exd5 4. Nc3 c6 5. Be3 Nf6 6. Nf3 Bd6 7. Be2 0-0 8. 0-0 Qc7 9. h3 h6 10. Bd3 Be6 11. Qd2 Nh5 12. Ne2 f5 13. Bxh6 f4 14. Bg5 Qf7 15. Nh4 Qc7 16. Bg6 Bf7 17. Qd3 f3 18. Nxf3 Nf4 19. Nxf4 Bxf4 20. Bxf4 Qxf4 21. Ne5 Be8 22. Rae1 Na6 23. Re3 Qh6 24. Rg3 Rd8 25. Rg4 Rd6 26. f4 Nb4 27. Qa3 Bxg6 28. Qxb4 Bf5 29. Rg6 Rxg6 30. Nxg6 Bxg6 31. Kh2 Bxc2 32. Qxb7 Qd6 0-1

[Event "RUS-ch Seniors"]
[Site "Lesnoj Gorodok"]
[Date "2009.10.08"]
[Round "6"]
[White "Ibragimov, Eduard"]
[Black "Kashirsky, Eugeny D"]
[Result "0-1"]
[WhiteElo "1933"]
[BlackElo "2014"]
[PlyCount "44"]
[EventDate "2009.10.03"]
[EventType "swiss"]
[EventRounds "9"]
[EventCountry "RUS"]
[SourceTitle "CBM 132 Extra"]
[Source "ChessBase"]
[SourceDate "2009.11.03"]
[SourceVersion "1"]
[SourceVersionDate "2009.11.03"]
[SourceQuality "1"]

1. e4 e6 2. d4 d5 3. exd5 exd5 4. Bd3 Bd6 5. Qf3 c6 6. c3 h6 7. Ne2 Nf6 8. Bf5 Bxf5 9. Qxf5 0-0 10. 0-0 Re8 11. Ng3 Nbd7 12. Nd2 Qc7 13. Nf3 Re6 14. Bd2 Ne4 15. Rad1 Rae8 16. Bc1 Nf8 17. Qh3 Ng6 18. Nf5 Bf4 19. g3 Bxc1 20. Rxc1 Rf6 21. Kg2 Qc8 22. g4 Nf4+ 0-1

[Event "RUS-ch Seniors"]
[Site "Lesnoj Gorodok"]
[Date "2009.10.07"]
[Round "5"]
[White "Kashirsky, Eugeny D"]
[Black "Kuznetsov, Fiodor"]
[Result "1-0"]
[WhiteElo "2014"]
[BlackElo "1954"]
[PlyCount "85"]
[EventDate "2009.10.03"]
[EventType "swiss"]
[EventRounds "9"]
[EventCountry "RUS"]
[SourceTitle "CBM 132 Extra"]
[Source "ChessBase"]
[SourceDate "2009.11.03"]
[SourceVersion "1"]
[SourceVersionDate "2009.11.03"]
[SourceQuality "1"]

1. e4 e5 2. Bc4 Nf6 3. d3 c6 4. Qe2 Be7 5. Bb3 0-0 6. Nf3 d6 7. h3 Nbd7 8. c3 Qc7 9. Bg5 b6 10. d4 h6 11. Bh4 a5 12. dxe5 dxe5 13. Bg3 a4 14. Bc4 Bd6 15. 0-0 Nc5 16. Nbd2 b5 17. Bd3 Nxd3 18. Qxd3 Be6 19. Qe3 Nd7 20. Rfe1 Rab8 21. Qe2 g6 22. Bh2 Rfd8 23. g4 Kg7 24. Nh4 f6 25. Ng2 Nb6 26. Ne3 Rh8 27. Kg2 h5 28. Rh1 Nc4 29. Ndxc4 bxc4 30. Rab1 Qf7 31. Bg3 h4 32. Bh2 Rb5 33. Rhd1 Bc5 34. f4 Bxe3 35. Qxe3 exf4 36. Qxf4 Qb7 37. Qc1 Ra8 38. a3 c5 39. Re1 Rd8 40. Re2 Rd3 41. Qe1 g5 42. Qf2 Rxc3 43. Rf1 1-0

[Event "RUS-ch Seniors"]
[Site "Lesnoj Gorodok"]
[Date "2009.10.04"]
[Round "2"]
[White "Zhukov, Vladimir"]
[Black "Kashirsky, Eugeny D"]
[Result "1-0"]
[WhiteElo "2204"]
[BlackElo "2014"]
[PlyCount "45"]
[EventDate "2009.10.03"]
[EventType "swiss"]
[EventRounds "9"]
[EventCountry "RUS"]
[SourceTitle "CBM 132 Extra"]
[Source "ChessBase"]
[SourceDate "2009.11.03"]
[SourceVersion "1"]
[SourceVersionDate "2009.11.03"]
[SourceQuality "1"]

1. e4 e6 2. d4 d5 3. Nd2 Nf6 4. e5 Nfd7 5. Bd3 c5 6. c3 Nc6 7. Ngf3 cxd4 8. cxd4 Qb6 9. 0-0 Nxd4 10. Nxd4 Qxd4 11. Nf3 Qb6 12. Qc2 h6 13. Be3 Qd8 14. Qa4 a6 15. Nd4 Be7 16. Nxe6 fxe6 17. Bg6+ Kf8 18. Qf4+ Nf6 19. Rac1 Bd7 20. exf6 Bxf6 21. Rc7 Bc6 22. Bc5+ Kg8 23. Be7 1-0

[Event "Moscow op-B 04th"]
[Site "Moscow"]
[Date "2008.02.09"]
[Round "8"]
[White "Motruk, Oleg"]
[Black "Kashirsky, Eugeny D"]
[Result "0-1"]
[WhiteElo "1663"]
[BlackElo "2004"]
[PlyCount "62"]
[EventDate "2008.02.02"]
[EventType "swiss"]
[EventRounds "9"]
[EventCountry "RUS"]
[SourceTitle "CBM 122 Extra"]
[Source "ChessBase"]
[SourceDate "2008.03.04"]
[SourceVersion "1"]
[SourceVersionDate "2008.03.04"]
[SourceQuality "1"]

1. Nf3 f5 2. b3 Nf6 3. Bb2 d6 4. d4 g6 5. e3 Bg7 6. Bc4 d5 7. Be2 0-0 8. 0-0 c6 9. c4 Ne4 10. Nbd2 e6 11. Nxe4 fxe4 12. Nd2 Qg5 13. Bg4 Na6 14. a3 h5 15. Bh3 Nc5 16. f4 Qh4 17. Qe2 Qe7 18. g4 Qh4 19. Qg2 hxg4 20. Qxg4 Qh6 21. Qg3 Nd3 22. Bc3 c5 23. b4 cxd4 24. Bxd4 Bxd4 25. exd4 Nxf4 26. Bg4 g5 27. Rac1 Qg7 28. Nb3 b6 29. Qe3 Bd7 30. h4 e5 31. Bxd7 gxh4+ 0-1

[Event "Moscow-ch op sf"]
[Site "Moscow"]
[Date "2007.03.12"]
[Round "4"]
[White "Arutjunian, Babken"]
[Black "Kashirsky, Eugeny D"]
[Result "1/2-1/2"]
[WhiteElo "2108"]
[BlackElo "2023"]
[PlyCount "53"]
[EventDate "2007.03.05"]
[EventType "swiss"]
[EventRounds "9"]
[EventCountry "RUS"]
[SourceTitle "EXT 2022"]
[Source "ChessBase"]
[SourceDate "2021.10.06"]
[SourceVersion "1"]
[SourceVersionDate "2021.10.06"]
[SourceQuality "1"]

1. e4 e6 2. d3 c5 3. g3 Nc6 4. Bg2 d6 5. Nf3 Be7 6. 0-0 Nf6 7. Re1 0-0 8. c3 Rb8 9. d4 e5 10. d5 Na5 11. h4 b5 12. b3 a6 13. Nbd2 Bd7 14. Nf1 Qc8 15. N1h2 Ng4 16. Qc2 h6 17. Bd2 c4 18. b4 Nb7 19. Qc1 Kh7 20. Nxg4 Bxg4 21. Nh2 Nd8 22. f4 exf4 23. Bxf4 f6 24. Nxg4 Qxg4 25. Qd1 Qxd1 26. Raxd1 Nf7 27. Bh3 1/2-1/2

[Event "Moscow June op"]
[Site "Moscow"]
[Date "2006.07.09"]
[Round "6"]
[White "Kashirsky, Eugeny D"]
[Black "Koshil, Tikhon Stepanovich"]
[Result "1-0"]
[WhiteElo "2062"]
[BlackElo "2229"]
[PlyCount "79"]
[EventDate "2006.06.24"]
[EventType "swiss"]
[EventRounds "9"]
[EventCountry "RUS"]
[SourceTitle "EXT 2008"]
[Source "ChessBase"]
[SourceDate "2007.11.25"]
[SourceVersion "1"]
[SourceVersionDate "2007.11.25"]
[SourceQuality "1"]

1. e4 d6 2. f4 c5 3. Bc4 Nc6 4. c3 Qb6 5. Qe2 e6 6. Nf3 g6 7. f5 Bh6 8. 0-0 Bd7 9. Na3 a6 10. d3 Bxc1 11. Raxc1 h6 12. fxe6 fxe6 13. Nh4 Ne5 14. Kh1 Qc7 15. d4 Nxc4 16. Nxg6 0-0-0 17. Nxh8 Nxa3 18. bxa3 Kb8 19. Qe3 Rc8 20. Rf7 Qc6 21. d5 Qa4 22. Rb1 exd5 23. exd5 Bb5 24. Qf2 Ka7 25. h3 Qe4 26. Rd1 Re8 27. Rf4 Qh7 28. Nf7 Re2 29. Qg3 Qc2 30. Re1 Ne7 31. Rxe2 Qxe2 32. Nxd6 Nxd5 33. Re4 Qf1+ 34. Kh2 Nb6 35. Nxb5+ Qxb5 36. Qd6 Nc4 37. Qd3 Nxa3 38. c4 Qb1 39. Qxb1 Nxb1 40. Re5 1-0

[Event "Moscow June op"]
[Site "Moscow"]
[Date "2006.07.02"]
[Round "4"]
[White "Kashirsky, Eugeny D"]
[Black "Berdnikov, Valentin"]
[Result "1-0"]
[WhiteElo "2062"]
[BlackElo "1975"]
[PlyCount "53"]
[EventDate "2006.06.24"]
[EventType "swiss"]
[EventRounds "9"]
[EventCountry "RUS"]
[SourceTitle "EXT 2008"]
[Source "ChessBase"]
[SourceDate "2007.11.25"]
[SourceVersion "1"]
[SourceVersionDate "2007.11.25"]
[SourceQuality "1"]

1. e4 c5 2. f4 d6 3. Nf3 g6 4. c3 Bg7 5. Bc4 Nf6 6. d3 a6 7. a4 Nc6 8. 0-0 0-0 9. Nh4 e6 10. Qe1 d5 11. Ba2 dxe4 12. dxe4 Nxe4 13. Nxg6 hxg6 14. Qxe4 Bd7 15. Nd2 Qc7 16. Nf3 b5 17. Ng5 c4 18. Qe1 Rfd8 19. Qh4 Qb6+ 20. Kh1 Ne7 21. Bb1 Nf5 22. Bxf5 exf5 23. Rf3 bxa4 24. Be3 Qxb2 25. Raf1 Qxc3 26. Qh7+ Kf8 27. Bc5+ 1-0